Tour de France 2025 - Top 25 Gesamtwertung - Statistiken

Allgemein
  • Dieses Quiz wurde 68 mal gespielt
  • Das Durchschnittsergebnis liegt bei 14 aus 25
Antwortstatistiken
Platz Name Nationalität Team % Korrekt
1 Tadej Pogačar Slowenien UAE Team Emirates
100%
3 Florian Lipowitz Deutschland Red Bull–Bora–Hansgrohe
97%
2 Jonas Vingegaard Dänemark Team Visma / Lease a Bike
97%
8 Primož Roglič Slowenien Red Bull–Bora–Hansgrohe
92%
9 Ben Healy Irland EF Education-EasyPost
86%
5 Felix Gall Österreich Decathlon AG2R La Mondiale Team
83%
4 Oscar Onley Großbritannien Team Picnic PostNL
81%
24 Adam Yates Großbritannien UAE Team Emirates
72%
15 Simon Yates Großbritannien Team Visma / Lease a Bike
72%
12 Thymen Arensman Niederlande Ineos Grenadiers
72%
11 Ben O'Connor Australien Team Jayco AlUla
70%
7 Kevin Vauquelin Frankreich Arkéa - B&B Hotels
66%
19 Matteo Jorgenson USA Team Visma / Lease a Bike
61%
6 Tobias Johannessen Norwegen Uno-X Mobility
61%
17 Sepp Kuss USA Team Visma / Lease a Bike
59%
13 Jhonatan Narváez Ecuador UAE Team Emirates
47%
10 Jordan Jegat Frankreich TotalEnergies
36%
18 Gregor Mühlberger Österreich Movistar Team
34%
20 Cristian Rodriguez Martin Spanien Arkéa - B&B Hotels
30%
16 Guillaume Martin Frankreich Groupama - FDJ
30%
25 Aurélien Paret-Peintre Frankreich Decathlon AG2R La Mondiale Team
19%
14 Sergio Higuita Kolumbien XDS Astana Team
19%
21 Valentin Madouas Frankreich Groupama - FDJ
13%
23 Warren Barguil Frankreich Team Picnic PostNL
13%
22 Xandro Meurisse Belgien Alpecin - Deceuninck
9%
Keine übereinstimmenden Quizze gefunden
Verteilung der Resultate
Anzahl Personen mit jedem Resultat
Perzentil nach korrekt beantworteten Fragen
Ihre Resultats-Entwicklung
Sie haben dieses Quiz noch nicht gespielt